000 00659nam a22002057a 4500
005 20250108114030.0
010 _aENG-143242
020 _c850.00
_a9789381574195
035 _aEN-126774
037 _bDBAD/PUB
082 _a915.1504
100 _aPathak,Suniti Kumar
_976074
245 _aA Descriptive Catalogue of the Tibetan Lhasa: Zhol Edition:
_bKangur : Rgyud (Tantra)
_cBy Suniti Kumar Pathak
260 _aKolkata
_bProfessor Manabendu Banerjee
_c2014
270 _bKolkata
_aThe Asiatic Society 1 park Street
_e700016
300 _a502p.
_c22cm(hbk)
700 _975508
700 _975509
942 _2ddc
_cEN
_h915.1504
_mPAT
999 _c208189
_d208189